Music Quiz

Random Music or Letter Quiz

Absent Letter Beatles Songs Quiz Stats

 Plays Quiz Updated Sep 26, 2019

Support Sporcle.
Go Orange.
Score 0/20 Timer 02:00
4 Plays Today
% Correct
???
96.1%
???
93.6%
???
93.5%
???
91.3%
???
89.6%
???
89.2%
???
87.5%
???
86.2%
???
85.2%
???
84.8%
% Correct
???
84.6%
???
84.5%
???
83.7%
???
83%
???
82.9%
???
81.5%
???
80.9%
???
80.8%
???
80.5%
???
79.6%

You're not logged in!

Compare scores with friends on all Sporcle quizzes.
OR
Log In

From the Vault

Missing 'G' Acronyms

by MrChewypoo

The 7th letter of the alphabet is involved in some prestigious acronyms.
Remove Ads.
Support Sporcle.
Get the best of Sporcle when you Go Orange. This ad-free experience offers more features, more stats, and more fun while also helping to support Sporcle. Thank you for becoming a member.

Show Comments

Extras

Top Quizzes Today


Score Distribution

Your Account Isn't Verified!

In order to create a playlist on Sporcle, you need to verify the email address you used during registration. Go to your Sporcle Settings to finish the process.

Report this User

Report this user for behavior that violates our Community Guidelines.

Details: